|
|
แสดงรายละเอียดบรรณานุกรม |
|
|
Brief Record
: Get Marc (ISO 2709)
: E-mail record
: |
|
|
| LEADER 00000nama 2200000uu 4500 | |||
| 001 191080 | |||
| 003 ULIBM | |||
| 008 040531s2547 th m m a000 0 tha d | |||
| 020 974-465-626-3 | |||
| 041 tha | |||
| 050 WA100 พ996ม 2547 | |||
| 100 ไพศาล บางชวด | |||
| 245 เมืองไทยสุขภาพดี 2547 (Healthy Thailand) | |||
| 246 เมืองไทยสุขภาพดี | |||
| 260 นนทบุรี สำนักนโยบายและยุทธศาสตร์ 2547 | |||
| 300 160 หน้า | |||
| 650 สุขภาพดี | |||
| 998 2004-11-09 | |||
| 999 ^aใช้งานได้ทุกระบบ | |||
| คุณยังไม่ได้ล็อกอิน คุณสามารถมีกิจกรรมร่วมกับเว็บไซต์ได้ แต่ต้องล็อกอินก่อน :: |
|
| สถานะ | |||||||||
| 1. | หนังสือทั่วไป | WA100 พ996ม 2547 | On Shelf ขอยืม | ||||||
| [แสดง 1/1 รายการ] | |||||||||
| รายการใกล้เคียง หัวเรื่อง [สุขภาพดี] |
BibComment |
| คอมเมนท์ทรัพยากรรายการนี้ |
|
|